Personnalités anglophones par lettre - E - Statistiques

Statistiques générales
  • Ce quiz a été pris 530 fois
    424 depuis la dernière actualisation
  • Le résultat moyen est 10 sur 20
Statistiques - réponses
Par images Hint Réponse % Correct
reine Elizabeth II
99%
rappeur Eminem
98%
entrepreneur Elon Musk
95%
chanteur Elvis Presley
95%
actrice Emma Watson
94%
chanteur Ed Sheeran
86%
chanteur Elton John
75%
actrice Emma Stone
69%
acteur Eddie Murphy
54%
animatrice Ellen DeGeneres
43%
actrice Elizabeth Olsen
32%
acteur Elijah Wood
28%
acteur Edward Norton
27%
actrice Emily Blunt
22%
écrivain Edgar Allan Poe
21%
acteur Ewan McGregor
19%
actrice Emma Thompson
18%
actrice Elizabeth Taylor
16%
guitariste Eric Clapton
13%
avocate Erin Brockovich
3%
Aucun quiz correspondant
Distribution des résultats
% des personnes avec chaque résultat
Percentile par nombre de réponses
Votre historique - résultats
Vous n’avez pas pris ce quiz depuis la dernière actualisation